[Event "USCL Dallas vs Tennessee"]
[Site "Internet Chess Club"]
[Date "2006.09.06"]
[Round "2"]
[White "Andrews, Todd"]
[Black "Zaremba, Andrei"]
[Result "0-1"]
[WhiteElo "2350"]
[BlackElo "2367"]
[PlyCount "96"]
[EventDate "2006.??.??"]

1. d4 d5 2. c4 c6 3. Nf3 Nf6 4. e3 Bf5 5. Nc3 e6 6. Bd3 Bxd3 7. Qxd3 Nbd7 8.
O-O Bb4 9. Bd2 a5 10. Rfc1 O-O 11. Rab1 Qe7 12. a3 Bxc3 13. bxc3 Qxa3 14. c5 b5
15. Qc2 Nxc5 16. Ra1 Qb3 17. dxc5 Qc4 18. Nd4 Qxc5 19. c4 dxc4 20. Bxa5 Nd5 21.
Nb3 Qe7 22. Nd4 Qc5 23. Nb3 Qe7 24. Nd2 c5 25. Rcb1 Rfb8 26. Ne4 Nb4 27. Bxb4
cxb4 28. Rxa8 Rxa8 29. h3 h6 30. Qb2 b3 31. Qe5 Qb4 32. Qd4 Qe7 33. Qe5 Qd7 34.
Qc3 Qd5 35. Nd2 Ra2 36. Nf3 Qf5 37. Rd1 b2 38. e4 Qxe4 39. Nd2 Qf5 40. Rb1 Qf6
41. Qc2 Ra1 42. g3 c3 43. Ne4 Rxb1+ 44. Qxb1 Qd4 45. Kg2 f5 46. Nxc3 Qxc3 47.
Qa2 Kh7 48. Qxe6 b1=Q 0-1

[Event "USCL Dallas vs Tennessee"]
[Site "Internet Chess Club"]
[Date "2006.09.06"]
[Round "2"]
[White "Kiewra, Keaton"]
[Black "Bereolos, Peter"]
[Result "1/2-1/2"]
[WhiteElo "2282"]
[BlackElo "2309"]
[PlyCount "150"]
[EventDate "2006.??.??"]

1. e4 e5 2. Nf3 Nc6 3. Bb5 a6 4. Ba4 Nf6 5. d4 exd4 6. O-O Be7 7. Re1 b5 8. Bb3
d6 9. Bd5 Bb7 10. Nxd4 Nxd5 11. Nxc6 Bxc6 12. exd5 Bb7 13. a4 O-O 14. axb5 axb5
15. Rxa8 Bxa8 16. Qe2 Bf6 17. Qxb5 Qb8 18. Qc4 Bxb2 19. Bxb2 Qxb2 20. Nc3 Qxc2
21. Qxc7 Qb3 22. Rb1 Qc2 23. Rd1 Qb3 24. h3 Qb8 25. Qa5 Qd8 26. Qb4 Qc7 27. Rd3
Rc8 28. Rg3 f5 29. Kh2 Qc5 30. Qf4 Bxd5 31. Qxf5 Bc4 32. Qd7 Bf7 33. Ne4 Qc7
34. Qg4 Bg6 35. Nxd6 Rd8 36. Qc4+ Qxc4 37. Nxc4 Bf7 38. Ne5 Rd5 39. f4 Rd2 40.
Rc3 Be6 41. Rd3 Rxd3 42. Nxd3 Kf7 43. Kg3 Kf6 44. Nf2 Kf5 45. Ng4 g5 46. fxg5
Kxg5 47. Ne5 Kf5 48. Nc6 Kg5 49. Ne5 Bd5 50. Nf3+ Kf5 51. Nh2 Kg5 52. Nf1 Bc4
53. Ne3 Bd3 54. h4+ Kh5 55. Kh3 Kg6 56. g4 Kf6 57. Kg3 Ke5 58. Ng2 Ke4 59. Nf4
Bc2 60. Ne6 Ke5 61. Ng5 Bd3 62. Nh3 Bc2 63. h5 Bd1 64. Kh4 Kf6 65. Nf2 Bc2 66.
Nh3 Bd1 67. Ng5 Bc2 68. Nf3 Be4 69. g5+ Ke6 70. Nh2 Bd3 71. Nf3 Be4 72. Nd2 Bd3
73. Nb3 Ke5 74. Nd2 Ke6 75. Nf3 Be4 1/2-1/2

[Event "USCL Dallas vs Tennessee"]
[Site "Internet Chess Club"]
[Date "2006.09.06"]
[Round "2"]
[White "Wheeler, Jerry"]
[Black "Lopez, Nelson"]
[Result "1/2-1/2"]
[WhiteElo "2200"]
[BlackElo "2136"]
[PlyCount "74"]
[EventDate "2006.??.??"]

1. c4 e5 2. g3 Nc6 3. Bg2 f5 4. Nc3 Nf6 5. a3 a5 6. Rb1 g6 7. d3 Bg7 8. e3 Ne7
9. Nge2 d5 10. cxd5 Nfxd5 11. O-O c6 12. e4 Nc7 13. Be3 Ne6 14. Na4 O-O 15. f4
Ra6 16. fxe5 Bxe5 17. d4 Bg7 18. d5 cxd5 19. exd5 Nc7 20. Nb6 Ne8 21. Nxc8 Nxc8
22. Nf4 Ncd6 23. Ne6 Qe7 24. Re1 Rf7 25. Bg5 Qd7 26. Nc5 Qb5 27. Nxa6 Qxa6 28.
Qe2 Qa8 29. b4 a4 30. Rbc1 h6 31. Be7 Ne4 32. d6 Bd4+ 33. Kh1 Nf2+ 34. Kg1 Ng4+
35. Kh1 Nf2+ 36. Kg1 Ng4+ 37. Kh1 Nf2+ 1/2-1/2

[Event "USCL Boston vs New York"]
[Site "Internet Chess Club"]
[Date "2006.09.11"]
[Round "3"]
[White "Hess, Robert"]
[Black "Perelshteyn, Eugene"]
[Result "0-1"]
[WhiteElo "2422"]
[BlackElo "2598"]
[PlyCount "68"]
[EventDate "2006.??.??"]

1. d4 Nf6 2. c4 g6 3. Nd2 Bg7 4. e4 d6 5. h3 O-O 6. Bd3 e5 7. d5 Nh5 8. Ne2 f5
9. Qc2 Na6 10. a3 Nc5 11. b4 Nxd3+ 12. Qxd3 Nf6 13. Nc3 a5 14. Bb2 axb4 15.
axb4 Rxa1+ 16. Bxa1 Bh6 17. O-O Nh5 18. Ne2 Qh4 19. Bc3 fxe4 20. Nxe4 Bf5 21.
g4 Bxe4 22. Qxe4 Nf4 23. Nxf4 Rxf4 24. Qd3 Bg7 25. c5 h5 26. Qxg6 Qxh3 27. Qe8+
Rf8 28. Qe6+ Kh7 29. Bd2 Rf6 30. Qd7 hxg4 31. cxd6 cxd6 32. Rc1 Rxf2 33. Qxg7+
Kxg7 34. Kxf2 Qf3+ 0-1

[Event "USCL Boston vs New York"]
[Site "Internet Chess Club"]
[Date "2006.09.11"]
[Round "3"]
[White "Privman, Boris"]
[Black "Krasik, Ilya"]
[Result "0-1"]
[WhiteElo "2315"]
[BlackElo "2202"]
[PlyCount "120"]
[EventDate "2006.??.??"]

1. d4 Nf6 2. c4 g6 3. Nc3 Bg7 4. e4 d6 5. f3 O-O 6. Be3 Nc6 7. Nge2 a6 8. Qd2
Rb8 9. Nc1 e5 10. d5 Nd4 11. Nb3 c5 12. dxc6 bxc6 13. Nxd4 exd4 14. Bxd4 Re8
15. O-O-O Qa5 16. Nb1 Qxa2 17. Bc3 Rxe4 18. Qxd6 Bh6+ 19. Nd2 Qa1+ 20. Kc2 Qa4+
21. b3 Qa2+ 22. Bb2 Bf4 23. Qa3 Qxa3 24. Bxa3 Re8 25. Bd3 Be6 26. g3 Be3 27.
Rhe1 Bd4 28. Ne4 Nxe4 29. Bxe4 c5 30. Bc1 a5 31. Bf4 Rb4 32. Bd2 Rb6 33. Bc3
Bxc3 34. Kxc3 Reb8 35. Rb1 Rb4 36. Bd3 Kg7 37. f4 Kf6 38. h4 h5 39. Bc2 Bf5 40.
Re5 Bxc2 41. Kxc2 a4 42. Rxc5 Rxb3 43. Rxb3 Rxb3 44. Rg5 Ke6 45. c5 Rb5 46. Kc3
a3 47. Kc4 a2 48. Re5+ Kd7 49. Kxb5 a1=Q 50. Rd5+ Kc7 51. Rd6 Qb2+ 52. Kc4 Qa2+
53. Kd4 Qb3 54. Ra6 Qxg3 55. Ra7+ Kc6 56. Rxf7 Qxh4 57. Ke5 Kxc5 58. Rc7+ Kb6
59. Rg7 Qg4 60. Rh7 Qf5+ 0-1

[Event "USCL Baltimore vs Carolina"]
[Site "Internet Chess Club"]
[Date "2006.09.13"]
[Round "3"]
[White "Lopez, Bruci"]
[Black "Milman, Lev"]
[Result "1/2-1/2"]
[WhiteElo "2428"]
[BlackElo "2504"]
[PlyCount "91"]
[EventDate "2006.??.??"]

1. e4 c5 2. Nf3 d6 3. d4 cxd4 4. Nxd4 Nf6 5. Nc3 a6 6. Bc4 e6 7. Bb3 b5 8. O-O
Be7 9. Qf3 Qc7 10. Re1 O-O 11. a4 b4 12. Na2 Bb7 13. Nxb4 Nbd7 14. c3 Ne5 15.
Qh3 Bxe4 16. Bg5 d5 17. f3 Bg6 18. Bf4 Bd6 19. Nxe6 fxe6 20. Bxe5 Bf5 21. g4
Bxg4 22. fxg4 Bxe5 23. g5 Qb6+ 24. Qe3 Qxe3+ 25. Rxe3 Ng4 26. Re2 Bxh2+ 27. Kh1
Bd6 28. Rxe6 Bxb4 29. cxb4 Rf5 30. Rg1 Nf2+ 31. Kh2 Nd3 32. Rd1 Nxb4 33. Rb6 a5
34. Rxb4 axb4 35. Rxd5 Rff8 36. Bc4 Kh8 37. b3 Rad8 38. Rb5 Rb8 39. Rd5 Rfd8
40. Re5 Rd6 41. a5 h6 42. a6 Kh7 43. Kg3 Rf8 44. Kg4 hxg5 45. Rxg5 Rd4+ 46. Kg3
1/2-1/2

[Event "USCL Baltimore vs Carolina"]
[Site "Internet Chess Club"]
[Date "2006.09.13"]
[Round "3"]
[White "Hoekstra, Matthew"]
[Black "Kaufman, Larry"]
[Result "1-0"]
[WhiteElo "2391"]
[BlackElo "2394"]
[PlyCount "133"]
[EventDate "2006.??.??"]

1. d4 d5 2. c4 c6 3. cxd5 cxd5 4. Nf3 Nf6 5. Nc3 Nc6 6. Bf4 Bf5 7. e3 e6 8. Qb3
Bb4 9. Bb5 Qe7 10. Ne5 Rc8 11. Qa4 O-O 12. Nxc6 bxc6 13. Ba6 Rcd8 14. Qxc6 Nh5
15. Be5 f6 16. Bg3 Nxg3 17. hxg3 Rd6 18. Qa4 Rb6 19. O-O Bd6 20. b3 Bg6 21.
Rfd1 Rfb8 22. a3 Be8 23. Qa5 Rxb3 24. Ne2 Rxa3 25. Rxa3 Bxa3 26. Bd3 Bb4 27.
Qa6 Rb6 28. Qc8 Qd7 29. Qc2 g6 30. Nf4 g5 31. Ne2 Bh5 32. Rc1 Bf8 33. Qa2 Rb7
34. Qa5 Qd6 35. Rc8 Qb6 36. Qa3 Qb4 37. Qa2 Qe1+ 38. Kh2 Qxf2 39. Qa6 Re7 40.
Ng1 Qxe3 41. Qd6 Kg7 42. Qd8 Rf7 43. Bb5 Qxd4 44. Bd7 Qb6 45. Qe8 Qd6 46. Bxe6
Qe7 47. Bxf7 Bxf7 48. Qc6 Qd6 49. Qb7 a5 50. Nf3 f5 51. Rc6 Qe7 52. Rc7 Qf6 53.
Qxd5 Kg8 54. Qd7 g4 55. Nh4 Qe6 56. Qd8 f4 57. Qg5+ Bg6 58. gxf4 Qd6 59. Rc8 a4
60. Nf5 Qd7 61. Nh6+ Kg7 62. Rd8 Qc7 63. Nf5+ Kf7 64. Nd4 Be7 65. Qd5+ Kf6 66.
Qe6+ Kg7 67. Nf5+ 1-0

[Event "USCL Baltimore vs Carolina"]
[Site "Internet Chess Club"]
[Date "2006.09.13"]
[Round "3"]
[White "Jones, Craig"]
[Black "Rouleau, John"]
[Result "0-1"]
[WhiteElo "2294"]
[BlackElo "2295"]
[PlyCount "84"]
[EventDate "2006.??.??"]

1. Nf3 Nf6 2. c4 g6 3. Nc3 Bg7 4. g3 O-O 5. Bg2 d6 6. O-O e5 7. d3 c6 8. Bg5 h6
9. Bxf6 Qxf6 10. Rb1 Be6 11. Nd2 Rd8 12. Qc2 d5 13. cxd5 cxd5 14. e4 dxe4 15.
dxe4 Nc6 16. Nd5 Qg5 17. Nf3 Qh5 18. Nc7 Bg4 19. Qb3 Rac8 20. Nd5 Kh7 21. h3
Bxh3 22. Qxb7 Be6 23. Rfc1 Nd4 24. Nxd4 exd4 25. Qxa7 Qe2 26. Nf4 Rxc1+ 27.
Rxc1 Qxb2 28. Rc7 d3 29. Rb7 Qa1+ 30. Kh2 d2 31. Nxe6 fxe6 32. Bf3 d1=Q 33.
Bxd1 Rxd1 34. Kg2 Rg1+ 35. Kh2 Rh1+ 36. Kg2 Rh5 37. Kf3 Rh2 38. a4 Qc3+ 39. Ke2
Rh1 40. f4 Re1+ 41. Kf2 Qd2+ 42. Kf3 Qe2# 0-1

[Event "USCL Philadelphia vs San Francisco"]
[Site "Internet Chess Club"]
[Date "2006.09.13"]
[Round "3"]
[White "Costigan, Richard"]
[Black "Friedel, Josh"]
[Result "1/2-1/2"]
[WhiteElo "2287"]
[BlackElo "2528"]
[PlyCount "158"]
[EventDate "2006.??.??"]

1. e4 e5 2. Nf3 Nc6 3. Nc3 Nf6 4. Bb5 Bb4 5. O-O O-O 6. d3 d6 7. Bg5 Bxc3 8.
bxc3 Qe7 9. h3 Nd8 10. Re1 Ne6 11. Bd2 c5 12. d4 Nc7 13. Bd3 b5 14. a4 Bd7 15.
axb5 Nxb5 16. Ra5 Rfb8 17. Qa1 Rb7 18. dxe5 dxe5 19. c4 Nd6 20. Qxe5 Be6 21.
Bg5 Bxc4 22. Qxe7 Rxe7 23. Rxc5 Bxd3 24. cxd3 h6 25. Bxf6 gxf6 26. Ra1 Rd8 27.
Rd5 Red7 28. Ra4 Ne8 29. Rxa7 Rxd5 30. exd5 Rxd5 31. Ra8 Kf8 32. d4 Ke7 33. Kf1
Nd6 34. Ke2 Rb5 35. Ra2 Ke6 36. Ke3 Kf5 37. Nd2 Ke6 38. Rc2 Ra5 39. Nf3 Rb5 40.
Re2 Kf5 41. g4+ Ke6 42. Kf4+ Kd5 43. Rc2 Ra5 44. Rc5+ Rxc5 45. dxc5 Kxc5 46.
Nh4 Kd5 47. Nf5 Ne4 48. Ne7+ Kd4 49. f3 Ng5 50. h4 Ne6+ 51. Kg3 Ng7 52. Ng8 h5
53. Nxf6 hxg4 54. fxg4 Ke5 55. Nd7+ Kd6 56. h5 Ne6 57. h6 Ng5 58. Nf8 f5 59.
gxf5 Ke5 60. Kg4 Nf7 61. h7 Kf6 62. Ne6 Nh8 63. Kf4 Nf7 64. Ng5 Nh8 65. Kg4 Ke5
66. Ne6 Kf6 67. Kf4 Nf7 68. Ke4 Nh8 69. Nf4 Nf7 70. Nh5+ Kg5 71. Nf4 Kh6 72.
Kd5 Kxh7 73. Ke6 Ng5+ 74. Ke7 Ne4 75. Ne6 Kh6 76. Nc5 Nxc5 77. f6 Kg6 78. f7
Nd7 79. Kxd7 Kxf7 1/2-1/2

[Event "USCL Philadelphia vs San Francisco"]
[Site "Internet Chess Club"]
[Date "2006.09.13"]
[Round "3"]
[White "Pruess, David"]
[Black "Rogers, Norman"]
[Result "1-0"]
[WhiteElo "2453"]
[BlackElo "2270"]
[PlyCount "73"]
[EventDate "2006.??.??"]

1. e4 c5 2. Nf3 Nc6 3. d4 cxd4 4. Nxd4 Nf6 5. Nc3 e5 6. Ndb5 d6 7. Bg5 a6 8.
Na3 b5 9. Nd5 Be7 10. Bxf6 Bxf6 11. c3 O-O 12. Nc2 Bg5 13. a4 bxa4 14. Rxa4 a5
15. Bb5 Ne7 16. Ncb4 Nxd5 17. Nxd5 Rb8 18. Qe2 f5 19. exf5 Bxf5 20. O-O Be6 21.
Bc4 Kh8 22. Rd1 Rb7 23. Rda1 Qb8 24. b4 Bd8 25. bxa5 Bxd5 26. Bxd5 Rb1+ 27.
Rxb1 Qxb1+ 28. Qf1 Qc2 29. Ra2 Qxc3 30. a6 Bb6 31. a7 Bxa7 32. Rxa7 g6 33. g3
Qd4 34. Rf7 Rc8 35. Qb5 Qd1+ 36. Kg2 Qh5 37. Qd7 1-0

[Event "USCL Philadelphia vs San Francisco"]
[Site "Internet Chess Club"]
[Date "2006.09.13"]
[Round "3"]
[White "Naroditsky, Daniel"]
[Black "Bengtson, Matthew"]
[Result "1/2-1/2"]
[WhiteElo "2055"]
[BlackElo "2235"]
[PlyCount "40"]
[EventDate "2006.??.??"]

1. e4 c6 2. d4 d5 3. Nc3 dxe4 4. Nxe4 Bf5 5. Ng3 Bg6 6. Nf3 Nf6 7. h4 h6 8. h5
Bh7 9. Bd3 Bxd3 10. Qxd3 e6 11. Bd2 Be7 12. O-O-O O-O 13. Rhe1 c5 14. Bc3 Qc7
15. dxc5 Nbd7 16. Qc4 Nxc5 17. Kb1 Rac8 18. Ne5 Ncd7 19. Qxc7 Rxc7 20. Nxd7
Nxd7 1/2-1/2

[Event "USCL Tennessee vs Miami"]
[Site "Internet Chess Club"]
[Date "2006.09.13"]
[Round "3"]
[White "Moreno Roman, Alejandro"]
[Black "Andrews, Todd"]
[Result "1-0"]
[WhiteElo "2437"]
[BlackElo "2350"]
[PlyCount "57"]
[EventDate "2006.??.??"]

1. d4 Nf6 2. c4 c5 3. d5 b5 4. cxb5 a6 5. b6 d6 6. Nc3 Nbd7 7. a4 a5 8. e4 g6
9. Bb5 Bg7 10. f4 O-O 11. Nf3 Nxb6 12. O-O Bb7 13. Qe2 Qc7 14. Bd2 Nfd7 15.
Rad1 e6 16. dxe6 fxe6 17. Ng5 Rae8 18. Qg4 Bd4+ 19. Kh1 Rf6 20. f5 exf5 21.
exf5 gxf5 22. Rxf5 Rg6 23. Rf7 Ne5 24. Qh3 Nxf7 25. Qxh7+ Kf8 26. Qxg6 Bxg2+
27. Kxg2 Qb7+ 28. Nce4 Nxg5 29. Qxe8+ 1-0

[Event "USCL Tennessee vs Miami"]
[Site "Internet Chess Club"]
[Date "2006.09.13"]
[Round "3"]
[White "Bereolos, Peter"]
[Black "Espino, Miguel"]
[Result "1/2-1/2"]
[WhiteElo "2309"]
[BlackElo "2279"]
[PlyCount "128"]
[EventDate "2006.??.??"]

1. d4 g6 2. c4 Bg7 3. e4 Nc6 4. d5 Nd4 5. Be3 c5 6. Nc3 e5 7. Bd3 d6 8. Qd2 Ne7
9. O-O-O O-O 10. Bh6 f5 11. Bxg7 Kxg7 12. exf5 Bxf5 13. f3 a6 14. h4 Bxd3 15.
Qxd3 b5 16. Nh3 bxc4 17. Qxc4 h6 18. f4 exf4 19. Rxd4 cxd4 20. Qxd4+ Kg8 21.
Nxf4 Nf5 22. Qd3 Qf6 23. Ne4 Qd4 24. Qxd4 Nxd4 25. Nxg6 Rfc8+ 26. Kb1 Kg7 27.
h5 Re8 28. Nxd6 Re2 29. Rd1 Rb8 30. Nc4 Nb5 31. Ka1 Rc8 32. Nge5 Re8 33. Nf3
Rc2 34. Nce5 Nd6 35. g4 Re2 36. Nc6 R8e3 37. Ncd4 Rf2 38. Nh4 Rd3 39. Ne6+ Kf6
40. Rb1 Rxd5 41. Nc7 Rdd2 42. Nxa6 Kg5 43. Ng6 Kxg4 44. Nc5 Kxh5 45. Ne5 Kg5
46. a4 Kf5 47. Ned3 Rf3 48. Rh1 Nf7 49. Rh5+ Kg6 50. Rd5 Rf5 51. Nf4+ Rxf4 52.
Rxd2 Rc4 53. Rd5 h5 54. a5 Rc1+ 55. Ka2 Re1 56. Nd3 Re4 57. b4 h4 58. Kb3 h3
59. Nf2 h2 60. Rd1 Rf4 61. Nh1 Ne5 62. b5 Rf3+ 63. Ka4 Rf4+ 64. Kb3 Rf3+
1/2-1/2

[Event "USCL Tennessee vs Miami"]
[Site "Internet Chess Club"]
[Date "2006.09.13"]
[Round "3"]
[White "Torres, Javier"]
[Black "Larson, Gerald"]
[Result "1-0"]
[WhiteElo "2215"]
[BlackElo "2110"]
[PlyCount "109"]
[EventDate "2006.??.??"]

1. d4 f5 2. e4 fxe4 3. Nc3 Nf6 4. Bg5 d5 5. Bxf6 exf6 6. Qh5+ g6 7. Qxd5 c6 8.
Qxe4+ Qe7 9. Nf3 Bf5 10. Qxe7+ Bxe7 11. O-O-O Nd7 12. d5 Nb6 13. dxc6 bxc6 14.
Ba6 Rb8 15. Nd4 Bd7 16. Nb3 Kf7 17. a4 Rhd8 18. a5 Na8 19. Bc4+ Kf8 20. h4 Be8
21. Nd4 Nc7 22. h5 Kg7 23. hxg6 hxg6 24. Rd3 Rb4 25. b3 c5 26. Rdh3 f5 27. Rh7+
Kf6 28. Nf3 Bd6 29. Re1 Rd7 30. Rh8 Re7 31. Rxe8 Rxe8 32. Rxe8 Nxe8 33. Nd5+
Kg7 34. Nxb4 cxb4 35. Kd2 Bc5 36. Ke2 Kf6 37. Ne1 Nd6 38. Nd3 Nxc4 39. bxc4 Be7
40. Ke3 Ke6 41. Kd4 Kd6 42. c5+ Kc6 43. Kc4 Bd8 44. Nxb4+ Kd7 45. Kb5 Bc7 46.
a6 Bd8 47. Nc6 Bf6 48. Nxa7 Kc7 49. Nc6 Bh4 50. f3 Bf6 51. Nb4 Bd8 52. c6 Kb8
53. Nd5 g5 54. g4 f4 55. c4 1-0

[Event "USCL Seattle vs Dallas"]
[Site "Internet Chess Club"]
[Date "2006.09.13"]
[Round "3"]
[White "Stopa, Jacek"]
[Black "Tangborn, Eric"]
[Result "1-0"]
[WhiteElo "2432"]
[BlackElo "2475"]
[PlyCount "183"]
[EventDate "2006.??.??"]

1. e4 c6 2. d4 d5 3. Nd2 dxe4 4. Nxe4 Bf5 5. Ng3 Bg6 6. h4 h6 7. Nf3 Nd7 8. h5
Bh7 9. Bd3 Bxd3 10. Qxd3 Ngf6 11. Bd2 e6 12. O-O-O Be7 13. Kb1 a5 14. Ne4 a4
15. Nxf6+ Bxf6 16. g4 Qb6 17. Bc1 Qa6 18. Qe4 O-O-O 19. Ne5 Nxe5 20. dxe5 Be7
21. Rxd8+ Rxd8 22. Qf4 f6 23. Qe4 Qb5 24. exf6 Bxf6 25. Qxe6+ Kb8 26. f4 Rd5
27. Qe8+ Rd8 28. Qe3 Bd4 29. Qf3 Re8 30. Rd1 Re3 31. Qf1 Qxf1 32. Rxf1 Rg3 33.
g5 Rh3 34. gxh6 gxh6 35. f5 Bf6 36. Bxh6 Rxh5 37. Bc1 Kc7 38. b3 axb3 39. axb3
Kd7 40. Bd2 Ke7 41. Bb4+ Kf7 42. Kc1 Be5 43. Ba5 Rh2 44. Rf3 Rg2 45. Bb6 Rh2
46. Kd1 Rg2 47. Bf2 Rh2 48. c4 Kf6 49. Bb6 Kf7 50. Re3 Rh1+ 51. Kc2 Kf6 52. Rf3
Rh5 53. Bd8+ Kf7 54. Kd3 Rh1 55. Ke4 Bf6 56. Bb6 Rh4+ 57. Kd3 Rh1 58. Bc7 Rb1
59. Ke4 Re1+ 60. Re3 Rh1 61. Bf4 Rh4 62. Kf3 Rh5 63. Ke4 Rh4 64. Rg3 Bd8 65.
Rf3 Bc7 66. Ke3 Bb6+ 67. Kd3 Kf6 68. Bd2 Rd4+ 69. Kc2 Rh4 70. Be1 Rg4 71. Bc3+
Bd4 72. Bxd4+ Rxd4 73. Kc3 Re4 74. Kb4 Re5 75. Rf1 Re3 76. Rf2 Rh3 77. c5 Re3
78. Ka4 Re5 79. b4 Re4 80. Ka5 Rh4 81. Rf1 Rg4 82. Rh1 Kxf5 83. Rh7 Ke5 84.
Rxb7 Kd5 85. Rd7+ Kc4 86. Rd6 Rg1 87. Rxc6 Ra1+ 88. Kb6 Kxb4 89. Rg6 Kc4 90. c6
Kd5 91. c7 Rb1+ 92. Ka7 1-0

[Event "USCL Miami vs Baltimore"]
[Site "Internet Chess Club"]
[Date "2006.09.18"]
[Round "4"]
[White "Kaufman, Larry"]
[Black "Moreno Roman, Alejandro"]
[Result "1-0"]
[WhiteElo "2394"]
[BlackElo "2437"]
[PlyCount "93"]
[EventDate "2006.??.??"]

1. d4 Nf6 2. c4 c5 3. d5 b5 4. Nd2 g6 5. e4 d6 6. cxb5 Bg7 7. Ne2 O-O 8. Nc3 a6
9. a4 e6 10. dxe6 Bxe6 11. Be2 axb5 12. Bxb5 Na6 13. O-O Nb4 14. h3 d5 15. exd5
Nfxd5 16. Nde4 Qh4 17. Bg5 Nxc3 18. Bxh4 Nxd1 19. Raxd1 Bb3 20. Rd2 Bd4 21. Be7
Rfc8 22. Rxd4 cxd4 23. Bxb4 Bxa4 24. Bxa4 Rxa4 25. Ba3 d3 26. Nd2 Rc2 27. Rd1
Rd4 28. Kf1 f5 29. Nf3 Rd5 30. Ne1 Re2 31. Nxd3 Re8 32. Re1 Rc8 33. Nf4 Rd2 34.
Kg1 Rcc2 35. Rf1 Kf7 36. g3 g5 37. Ng2 Kg6 38. Bb4 Re2 39. Bc3 h5 40. Ne3 Rxb2
41. Bxb2 Rxb2 42. Rc1 f4 43. Rc6+ Kf7 44. gxf4 gxf4 45. Nd5 Rb3 46. Nxf4 Rf3
47. Rc4 1-0

[Event "USCL Miami vs Baltimore"]
[Site "Internet Chess Club"]
[Date "2006.09.18"]
[Round "4"]
[White "Martinez, Marcel"]
[Black "Rouleau, John"]
[Result "1/2-1/2"]
[WhiteElo "2415"]
[BlackElo "2295"]
[PlyCount "121"]
[EventDate "2006.??.??"]

1. d4 Nf6 2. c4 g6 3. Nc3 Bg7 4. e4 d6 5. Nf3 O-O 6. h3 c6 7. Be3 a6 8. Rc1 b5
9. a3 Nbd7 10. Be2 Nb6 11. c5 dxc5 12. dxc5 Qxd1+ 13. Rxd1 Na4 14. Nxa4 bxa4
15. Nd2 Rb8 16. Rb1 Be6 17. Bf4 Ba2 18. Ra1 Rxb2 19. Be5 Rc2 20. Bd1 Rxd2 21.
Kxd2 Nxe4+ 22. Ke3 Bxe5 23. Rxa2 Nxc5 24. Bf3 Rb8 25. Bxc6 Rb3+ 26. Kd2 Bd4 27.
Bd5 Rc3 28. Ke2 Nd3 29. Kd2 e6 30. Bb7 Nc5 31. Bf3 Nb3+ 32. Ke1 Rc1+ 33. Bd1
Rb1 34. Rc2 Bb2 35. Rc4 Bxa3 36. Rxa4 Ra1 37. Ke2 Nc5 38. Rc4 a5 39. Rf1 Ra2+
40. Bc2 e5 41. Kf3 Bb4 42. g3 Ne6 43. Kg2 Kg7 44. Rd1 Bc5 45. Rd7 a4 46. Rd5
Bd4 47. Ra5 a3 48. Rc6 Rb2 49. Rxa3 Nc5 50. Rxc5 Bxc5 51. Rc3 Bd4 52. Rc7 Bb6
53. Rc6 f5 54. g4 fxg4 55. hxg4 Rb5 56. Bd3 Rb2 57. Rc2 Rb4 58. Rc4 Rb3 59. Be4
Kh6 60. f3 Kg5 61. Rc2 1/2-1/2

[Event "USCL Carolina vs New York"]
[Site "Internet Chess Club"]
[Date "2006.09.20"]
[Round "4"]
[White "Shahade, Jennifer"]
[Black "Kirby, John"]
[Result "1/2-1/2"]
[WhiteElo "2318"]
[BlackElo "2218"]
[PlyCount "53"]
[EventDate "2006.??.??"]

1. e4 c6 2. d4 d5 3. exd5 cxd5 4. c4 Nf6 5. Nc3 e6 6. Nf3 Bb4 7. cxd5 Nxd5 8.
Qc2 Nc6 9. Be2 O-O 10. O-O Nce7 11. Bg5 h6 12. Bd2 b6 13. Qe4 Rb8 14. Bd3 Nf5
15. Qe2 Bxc3 16. bxc3 Qc7 17. Rac1 Nf4 18. Bxf4 Qxf4 19. Ne5 Bb7 20. g3 Qg5 21.
Be4 Rfd8 22. Rfe1 Bxe4 23. Qxe4 Rbc8 24. Qb7 Qe7 25. Qf3 Qg5 26. Qb7 Qe7 27.
Qf3 1/2-1/2

[Event "USCL Boston vs Philadelphia"]
[Site "Internet Chess Club"]
[Date "2006.09.20"]
[Round "4"]
[White "Costigan, Richard"]
[Black "Winer, Steven"]
[Result "1-0"]
[WhiteElo "2287"]
[BlackElo "2421"]
[PlyCount "53"]
[EventDate "2006.??.??"]

1. e4 c5 2. Nf3 e6 3. b3 b6 4. Bd3 Bb7 5. O-O Nf6 6. Re1 d5 7. exd5 Nxd5 8. Bb2
Nd7 9. Bf1 a6 10. d4 N5f6 11. c4 Be7 12. Nc3 O-O 13. Qd2 Bxf3 14. gxf3 cxd4 15.
Qxd4 Bc5 16. Qh4 Qe7 17. a3 a5 18. Na4 Bd6 19. f4 Rab8 20. Re3 Rfd8 21. Rg3 g6
22. Rd1 Kg7 23. Rgd3 Bc7 24. Rxd7 Rxd7 25. Rxd7 Qxd7 26. Bxf6+ Kf8 27. Qxh7 1-0

[Event "USCL Boston vs Philadelphia"]
[Site "Internet Chess Club"]
[Date "2006.09.20"]
[Round "4"]
[White "Wilson, Elvin"]
[Black "Martirosov, Vadim"]
[Result "1/2-1/2"]
[WhiteElo "2240"]
[BlackElo "2270"]
[PlyCount "93"]
[EventDate "2006.??.??"]

1. d4 Nf6 2. Nf3 g6 3. c4 Bg7 4. Nc3 d5 5. cxd5 Nxd5 6. e4 Nxc3 7. bxc3 c5 8.
h3 O-O 9. Be2 Nc6 10. Be3 cxd4 11. cxd4 f5 12. exf5 Qa5+ 13. Bd2 Qxf5 14. Bc3
Be6 15. O-O Rad8 16. Qa4 Bd5 17. Rad1 a6 18. Rd2 Rd6 19. Qd1 b5 20. a3 Bh6 21.
Rb2 Bg7 22. a4 Bxf3 23. Bxf3 Nxd4 24. Bxd4 Bxd4 25. Qb3+ Qf7 26. Qxf7+ Kxf7 27.
Rb4 Bc5 28. Rf4+ Kg7 29. Rxf8 Kxf8 30. Rc1 Bd4 31. axb5 axb5 32. Rb1 Rb6 33.
Kf1 e5 34. Be4 Ke7 35. f3 h5 36. h4 b4 37. g4 hxg4 38. fxg4 b3 39. Ke2 b2 40.
Rf1 Rf6 41. Rxf6 Kxf6 42. g5+ Kg7 43. Kf3 Bc3 44. Kg4 Bd2 45. Kf3 Be1 46. Kg4
Bf2 47. Kh3 1/2-1/2

[Event "USCL Dallas vs San Francisco"]
[Site "Internet Chess Club"]
[Date "2006.09.20"]
[Round "4"]
[White "Pruess, David"]
[Black "Stopa, Jacek"]
[Result "1/2-1/2"]
[WhiteElo "2453"]
[BlackElo "2432"]
[PlyCount "103"]
[EventDate "2006.??.??"]

1. e4 c5 2. Nf3 Nc6 3. d4 cxd4 4. Nxd4 Nf6 5. Nc3 e5 6. Ndb5 d6 7. Bg5 a6 8.
Na3 b5 9. Nd5 Be7 10. Bxf6 Bxf6 11. c3 Ne7 12. Nxf6+ gxf6 13. Nc2 Bb7 14. Bd3
d5 15. exd5 Qxd5 16. Ne3 Qe6 17. Qh5 O-O-O 18. Bc2 Kb8 19. Bb3 Qc6 20. Rd1
Rxd1+ 21. Kxd1 Ng6 22. Kc1 Qe4 23. Rd1 Nf4 24. Qf5 Qxf5 25. Nxf5 Bxg2 26. Rd6
Bb7 27. Rxf6 Nd3+ 28. Kd2 Nxf2 29. Rxf7 Rd8+ 30. Ke2 Nd3 31. Rxh7 Nf4+ 32. Ke1
Be4 33. Rf7 Rh8 34. h4 Bxf5 35. Rxf5 Rxh4 36. Kd2 Rh2+ 37. Ke3 Re2+ 38. Kf3
Rxb2 39. Rxe5 Nd3 40. Re2 Rxe2 41. Kxe2 Nc5 42. Ke3 Kc7 43. Kd4 Kd6 44. Bd5 a5
45. Bf7 a4 46. Bg8 Nb7 47. Bf7 Na5 48. Be8 Nb3+ 49. Kd3 Nc1+ 50. Kc2 Nxa2 51.
Bxb5 Nxc3 52. Kxc3 1/2-1/2

[Event "USCL Dallas vs San Francisco"]
[Site "Internet Chess Club"]
[Date "2006.09.20"]
[Round "4"]
[White "Vavrak, Peter"]
[Black "Zilberstein, Dmitry"]
[Result "1-0"]
[WhiteElo "2448"]
[BlackElo "2435"]
[PlyCount "101"]
[EventDate "2006.??.??"]

1. d4 Nf6 2. Nf3 e6 3. c4 d5 4. Bg5 h6 5. Bxf6 Qxf6 6. e3 Bb4+ 7. Nc3 O-O 8.
Qb3 c5 9. cxd5 exd5 10. a3 Bxc3+ 11. Qxc3 b6 12. dxc5 Qxc3+ 13. bxc3 bxc5 14.
O-O-O Be6 15. Bb5 Rc8 16. Ne5 c4 17. Rd2 Rc5 18. Rb2 a6 19. Ba4 Ra5 20. Rb4 f6
21. Bc6 Nxc6 22. Nxc6 Rxa3 23. Kb2 Rb3+ 24. Rxb3 cxb3 25. Ra1 Kf7 26. Ra5 Bd7
27. Nb4 Bb5 28. Kxb3 Bc4+ 29. Kc2 Ke6 30. Kd2 Kd6 31. g4 Ra7 32. f3 Rd7 33. h4
g5 34. h5 Rb7 35. e4 d4 36. cxd4 Rxb4 37. Kc3 Rb3+ 38. Kxc4 Rxf3 39. Rxa6+ Kc7
40. Kd5 Rf4 41. e5 fxe5 42. dxe5 Rxg4 43. Rxh6 Ra4 44. Rh7+ Kd8 45. h6 Ra6 46.
Rh8+ Ke7 47. h7 Ra5+ 48. Ke4 Ra4+ 49. Kf5 Rf4+ 50. Kxg5 Rf7 51. Rb8 1-0

[Event "USCL Dallas vs San Francisco"]
[Site "Internet Chess Club"]
[Date "2006.09.20"]
[Round "4"]
[White "Naroditsky, Daniel"]
[Black "Lopez, Nelson"]
[Result "1/2-1/2"]
[WhiteElo "2055"]
[BlackElo "2136"]
[PlyCount "105"]
[EventDate "2006.??.??"]

1. e4 e5 2. Nf3 Nc6 3. Bb5 Nf6 4. O-O Nxe4 5. d4 Nd6 6. Bxc6 dxc6 7. dxe5 Nf5
8. Qxd8+ Kxd8 9. Nc3 h6 10. Rd1+ Ke8 11. b3 Be6 12. Bb2 Rd8 13. h3 a6 14. g4
Ne7 15. Nd4 Ng6 16. Nxe6 fxe6 17. Rxd8+ Kxd8 18. Ne2 Bc5 19. Kg2 Rf8 20. Rf1
Nf4+ 21. Nxf4 Rxf4 22. Kg3 g5 23. h4 Ke8 24. f3 Be7 25. hxg5 hxg5 26. Rh1 c5
27. Rh5 c4 28. Bc1 Rd4 29. Bxg5 Bxg5 30. Rxg5 Rd2 31. bxc4 Rxc2 32. Rg8+ Kf7
33. Rb8 b6 34. f4 Rxc4 35. f5 Re4 36. Rc8 exf5 37. Rxc7+ Ke6 38. gxf5+ Kxe5 39.
Rc6 Kxf5 40. Rxb6 Ra4 41. Rb2 Ke4 42. Kf2 Kd3 43. Ke1 Kc3 44. Rh2 Rb4 45. Rh3+
Kb2 46. Rh2+ Ka3 47. Rd2 a5 48. Rc2 Rb2 49. Rxb2 Kxb2 50. a4 Kb3 51. Kd2 Kxa4
52. Kc2 Ka3 53. Kb1 1/2-1/2